| 000 | 00628nas a2200217 a 4500 | ||
|---|---|---|---|
| 001 | 000768315 | ||
| 003 | AM-YeHGA | ||
| 005 | 20250617143826.0 | ||
| 008 | 101027c19229999gs rz 0 0arm d | ||
| 040 | _aAM-YeHGA | ||
| 041 | 0 | _aarm | |
| 222 | 0 | _aԴարբնոց | |
| 245 | 0 | 0 |
_aԴարբնոց : _bԳրական, գեղարվեստական, քննադատական ամսագիր. |
| 260 |
_aԹիֆլիս : _bԱ.հ., _c1922-. |
||
| 300 | _aհամար. | ||
| 362 | 1 | _a1922- | |
| 650 | 0 | 4 | _aԱմսագիր |
| 650 | 1 | 4 |
_aԳրականագիտություն _vՊարբերականներ |
| 942 |
_2udc _cCR |
||
| 090 | _c283882 | ||
| 999 |
_c282225 _d282225 |
||